Rules for the Registration of Schemes (Record no. 121735)
[ view plain ]
| 000 -LEADER | |
|---|---|
| fixed length control field | 00904nam a22001697a 4500 |
| 008 - FIXED-LENGTH DATA ELEMENTS--GENERAL INFORMATION | |
| fixed length control field | 231219s2010 xxk|||||o|||| 00| 0 eng d |
| 041 ## - LANGUAGE CODE | |
| Language code of text/sound track or separate title | eng |
| 110 ## - MAIN ENTRY--CORPORATE NAME | |
| Corporate author | Royal Institution of Chartered Surveyors |
| 245 ## - TITLE STATEMENT | |
| Title | Rules for the Registration of Schemes |
| Subtitle | Version 1 |
| Medium | [Electronic resource] |
| 260 ## - PUBLICATION INFORMATION | |
| Place of publication | London, |
| Publisher | Royal Institution of Chartered Surveyors, |
| Date | effective from 1 September 2010 |
| 490 ## - SERIES TITLE | |
| Series statement | RICS Regulation |
| 520 ## - ABSTRACT | |
| Abstract | These Rules are made by the Standards and Regulation Board in accordance with powers provided by the Regulation 7.2.4. They set out:<br/>a) the procedure for registration, deregistration and appeal and; <br/>b) the obligations of registration |
| 651 ## - SUBJECT ADDED ENTRY--GEOGRAPHIC NAME | |
| Geographic name | United Kingdom |
| 710 ## - ADDED CORPORATE NAME | |
| Added corporate author | Royal Institution of Chartered Surveyors |
| 856 ## - ONLINE RESOURCE | |
| Uniform Resource Identifier | <a href="https://www.rics.org/profession-standards/knowledge-and-information-services">https://www.rics.org/profession-standards/knowledge-and-information-services</a> |
| Public note | Email [email protected] to request a copy |
| 942 ## - ADDED ENTRY ELEMENTS (KOHA) | |
| Suppress in OPAC | Do not suppress in OPAC |
| Lost status | Damaged status | Not for loan | Current library | Shelving location | Date acquired | Total Checkouts | Full call number | Date last seen | Price effective from | Koha item type |
|---|---|---|---|---|---|---|---|---|---|---|
| Virtual | Online | 19/12/2023 | ONLINE PUBLICATION | 19/12/2023 | 19/12/2023 | Online material |